| Tag |
First Indicator |
Second Indicator |
Subfields |
| LEADER |
00000cam a2200000 a 4500 |
| 001 |
in00000842721 |
| 005 |
20151019052612.0 |
| 008 |
830920s1983 dcu s f00000 eng d |
| 010 |
|
|
|a gp 84002425
|
| 020 |
|
|
|c $6.50 (report)
|
| 020 |
|
|
|c $5.50 (maps)
|
| 035 |
|
|
|a (OCoLC)09954055
|
| 035 |
|
|
|9 ADZ9603AM
|
| 040 |
|
|
|a SPI
|c SPI
|d GPO
|d UtOrBLW
|
| 043 |
|
|
|a n-us-oh
|
| 074 |
|
|
|a 156-K-35
|
| 086 |
0 |
|
|a C 3.223/11:980/37
|
| 086 |
0 |
|
|a C 3.223/11:980/37/maps
|
| 088 |
|
|
|a PHC 80-2-37
|
| 130 |
0 |
|
|a Census of population and housing (1980).
|p Census tracts.
|
| 245 |
1 |
0 |
|a 1980 census of population and housing.
|p Census tracts.
|p Ohio, selected areas.
|
| 264 |
|
1 |
|a Washington, D.C. :
|b U.S. Dept. of Commerce, Bureau of the Census :
|c 1983.
|
| 264 |
|
2 |
|a Washington, D.C. :
|b For sale by Supt. of Docs., U.S. G.P.O.,
|
| 300 |
|
|
|a 237 pages in various pagings :
|b forms ;
|c 28 cm. +
|e 1 sheet and 5 folded maps in envelope.
|
| 336 |
|
|
|a text
|b txt
|2 rdacontent
|
| 337 |
|
|
|a unmediated
|b n
|2 rdamedia
|
| 338 |
|
|
|a volume
|b nc
|2 rdacarrier
|
| 500 |
|
|
|a "Issued August 1983."
|
| 500 |
|
|
|a "PHC80-2-37."
|
| 650 |
|
0 |
|a Housing
|z Ohio
|x Statistics.
|
| 651 |
|
0 |
|a Ohio
|x Population
|x Statistics.
|
| 651 |
|
0 |
|a Ohio
|x Census, 1980.
|
| 651 |
|
0 |
|a United States
|x Census, 20th, 1980.
|
| 710 |
1 |
|
|a United States.
|b Bureau of the Census.
|
| 740 |
0 |
|
|a Census tracts, Ohio, selected areas.
|
| 740 |
0 |
|
|a Ohio, selected areas.
|
| 999 |
|
|
|a MARS
|
| 999 |
f |
f |
|s 9464b5d4-c952-309d-ae19-11fa70883723
|i 3f5399b6-aadf-3c76-8f02-65ca3d3de19c
|t 0
|
| 952 |
f |
f |
|p noncirc
|a Texas A&M University
|b College Station
|c Sterling C. Evans Library
|d Evans: US Documents (Annex 5th floor)
|t 0
|e C 3.223/11:980/37
|h Superintendent of Documents classification
|i unmediated -- volume
|m A14822744376
|
| 998 |
f |
f |
|a C 3.223/11:980/37
|t 0
|l Evans: US Documents (Annex 5th floor)
|